000 00374 a2200085 4500
999 _c21191
_d21191
003 WA 310
005 20220217123039.0
008 220217s2002 pl |||f u||| 000 0 pol d
020 _a832367597X
040 _aWA 310
_cWA 310
041 _apol
_heng
245 0 0 _aŚwiatłowodowe złącza i elementy bierne - Podstawowe procedury badań i pomiarów - Część 3-8: Badania i pomiary - Podatność na oświetlenie zewnętrzne =
_bFibre optic interconnecting devices and passive components - Basic test and measurement procedures - Part 3-8: Examinations and measurements - Ambient light susceptibility PN-EN 61300-3-8:2002P /
_cNKP nr 282.
246 1 3 _aPN-EN 61300-3-8
246 1 3 _aICS 33.180.20
246 1 3 _aPolska Norma
246 3 1 _aFibre optic interconnecting devices and passive components - Basic test and measurement procedures - Part 3-8: Examinations and measurements - Ambient light susceptibility
260 _aWarszawa :
_bPKN,
_c2002.
300 _a5 stron ;
_c30 cm.
336 _2rdacontent
_aTekst
_btxt
337 _2rdamedia
_aBez urządzenia pośredniczącego
_bn
338 _2rdacarrier
_aWolumin
_bnc
500 _aWprowadza EN 61300-3-8:1997, IDT, IEC 61300-3-8:1995, IDT ; Zatwierdzona 6 lutego 2002 r.
500 _aNorma Europejska EN 61300-3-8:1997 ma status Polskiej Normy.
710 _91107
_aPolska.
_bPolski Komitet Normalizacyjny.
_eInstytucja sprawcza
_eWydawca
920 _a83-236-7597-X
942 _2ddc
_cBK